000 01319nam0a2200337 4500
001 RU\NLR\BIBL_A\022708984
005 20260623074648.0
010 _a978-5-00256-137-7
_950
021 _aRU
_bКН-П-25-073901
_9КН-П-25-7161
035 _a(NLR Aleph) 022708984
090 _a13736900
_c13736900
100 _a20260126d2025 u y0rusy50 ca
101 0 _arus
102 _aRU
105 _aa z 000ay
181 0 _ai3
_baxxe
182 0 _an
200 1 _aОсторожно! Открывается вовнутрь!
_eрассказы
_fИрина Волкова
_gхудожники: Максим Акуратов, Ирина Волкова
203 _aТекст
_bвизуальный
_cнепосредственный
210 _aСанкт-Петербург
_cРеноме
_d2025
215 _a270, [2] с.
_cил.
_d21
327 1 _aСодерж.: Окно; Ферма; Свидетель; Тело; Я - псих. Дневник
333 _a16+
686 2 _aШ6(2=Р)8-440.5
700 1 _7ca
_8rus
_aВолкова
_bИ. Г.
_cписатель
_gИрина Геннадьевна
_9210525
_3RU\NLR\AUTH\770210579
702 1 _aАкуратов
_bМ. В.
_gМаксим В.
_4040
942 _cBOOK
980 _aNB